000 00365cam a22001217a 4500
008 180718b1984 xxu||||| |||| 00| 0 eng d
082 _aU6x54 In2pu
245 _aPublic enterprises
_cedited by S.K. Goyal
260 _aNew Delhi
_bIndian Institute of Public Administration
_c1984
300 _a358p.
650 _aGovernment enterprise - India
700 _aGoyal, S.K.
999 _c475861
_d475861